000 01442nam a2200325 a 4500
001 ebr10053251
003 CaPaEBR
006 m u
007 cr cn|||||||||
008 020529s2002 nyua sb 001 0 eng d
020 _z0306473070 (electronic bk.)
040 _aCaPaEBR
_cCaPaEBR
035 _a(OCoLC)559224675
050 1 4 _aTK7874.75
_b.F37 2002ebeb
082 0 4 _a621.39/5
_221
100 1 _aFarag, Emad N.
245 1 0 _aMixed signal VLSI wireless design
_h[electronic resource] :
_bcircuits and systems /
_cEmad N. Farag and Mohamed I. Elmasry.
260 _aNew York :
_bKluwer Academic,
_cc2002.
300 _axxvi, 319 p. :
_bill.
504 _aIncludes bibliographical references (p. 306-315) and index.
533 _aElectronic reproduction.
_bPalo Alto, Calif. :
_cebrary,
_d2013.
_nAvailable via World Wide Web.
_nAccess may be limited to ebrary affiliated libraries.
650 0 _aIntegrated circuits
_xVery large scale integration
_xDesign and construction.
650 0 _aWireless communication systems
_xDesign and construction.
650 0 _aRadio circuits
_xDesign and construction.
650 0 _aCell phones
_xEquipment and supplies
_xDesign and construction.
655 7 _aElectronic books.
_2local
700 1 _aElmasry, Mohamed I.,
_d1943-
710 2 _aebrary, Inc.
856 4 0 _uhttp://site.ebrary.com/lib/rucke/Doc?id=10053251
_zAn electronic book accessible through the World Wide Web; click to view
999 _c66133
_d66133